000 00862cam a2200253 a 4500
001 16385718
005 20201128020924.0
008 100810s2012 nyua b 000 0 eng
020 _a0205770886
020 _a9780205770885
040 _aDLC
_cDLC
_dDLC
082 0 0 _a659.2
_222
_bWIL
100 _92217
_aWilcox , Dennis L.
245 0 0 _aPublic Relations :
_bstrategies and tactics /
_cDennis L. Wilcox, Glen T. Cameron.
250 _a10th ed.
260 _aNew York :
_bPearson Longman,
_c2012.
300 _a594 p. :
_bcol. ill. ;
_c26 cm.
504 _aIncludes bibliographical references (p.[575]-581) and index.
650 0 _aPublic relations.
_929090
653 _cFebruary2012
700 1 _aCameron, Glen T.
_929091
942 _2ddc
_cBB
999 _c16513
_d16513